Nghiên cứu xây dựng hệ thống tra cứu từ điển đa ngữ trên mạng

Tra cứu từ điển trên mạng. Thiết kế và xây dựng cơ sở dữ liệu. Thiết kế và triển khai chương trình.

Zapisane w:
Opis bibliograficzny
1. autor: Nguyễn Thị Minh Hỷ.
Kolejni autorzy: Phan Huy Khánh, TS. (Hướng dẫn.)
Format: Książka
Język:Vietnamese
Wydane: Đà Nẵng, 2003.
Hasła przedmiotowe:
Etykiety: Dodaj etykietę
Nie ma etykietki, Dołącz pierwszą etykiete!
Thư viện lưu trữ: Mạng thư viện Đại học Đà Nẵng
LEADER 01421cam a2200361 a 4500
001 000044616
003 3018
005 20060213100247.0
008 010220b2003 vm 000 vie
040 |a LRC  |c LRC  |d LRC 
041 0 |a vie 
082 1 4 |a 005.742  |b NG-H 
100 1 |a Nguyễn Thị Minh Hỷ. 
245 1 0 |a Nghiên cứu xây dựng hệ thống tra cứu từ điển đa ngữ trên mạng  |h [Thesis - Luận văn thạc sĩ] /  |c Nguyễn Thị Minh Hỷ ; Phan Huy Khánh hướng dẫn. 
260 |a Đà Nẵng,  |c 2003. 
300 |a vi, 79tr. :  |b mh. ;  |c 29cm. 
520 3 |a Tra cứu từ điển trên mạng. Thiết kế và xây dựng cơ sở dữ liệu. Thiết kế và triển khai chương trình. 
630 0 4 |a Tin học. 
650 0 4 |a Từ điển đa ngữ  |x Tin học. 
700 1 |a Phan Huy Khánh,  |c TS.,  |e Hướng dẫn. 
OWN |a DUT 
AVA |a UDN50  |b DUT  |c Internal Resources  |d 005.742 NG-H  |e available  |t Error 5001 Not defined in file expand_doc_bib_avail.  |f 1  |g 0  |h N  |i 0  |j NS  |k 1 
999 |a From the UDN01 
AVA |a UDN50  |b DUT  |c Internal Resources  |d 005.742 NG-H  |e available  |t Error 5001 Not defined in file expand_doc_bib_avail.  |f 1  |g 0  |h N  |i 0  |j NS  |k 1 
TYP |a Mixed Materials 
TYP |a Monograph 
TYP |a Printed language 
980 |a Mạng thư viện Đại học Đà Nẵng